000 00538nam a2200193Ia 4500
005 20250508162330.0
008 008 250505s9999 xx 000 0 hin d
037 _aTextual
040 _aFEDL
_beng
_cFEDL
041 _ahin
_2hin
084 _a181.4, PAN
_qFEDL
100 _aPandey Uma
245 0 _aAupnishdik pramasat evam mulya - sindhant
260 _aAgra, India
_bVivek Ghilidyal Bandhu
300 _a245p
650 _aOriental philosophy
_9755543
942 _cTEXL
_h181.4, PAN
999 _c1375888
_d1375888